Statistics for Noah Kahan - Dial Drunk Ft. Post Malone Lyrics

Click here to take the quiz!

General Stats

  • This quiz has been taken 69 times
    (68 since last reset)
  • The average score is 411 of 477

Answer Stats

Answer% Correct
a
100%
dial
100%
drunk
100%
For
100%
for
100%
I
100%
(I
100%
me
100%
you
100%
all
98%
In
98%
in
98%
the
98%
call
96%
die
96%
I'll
96%
my
96%
no
96%
So
96%
your
96%
and
95%
And
95%
car
95%
do
95%
know)
95%
know
95%
of
95%
to
95%
be?
93%
that
93%
alone
91%
cop
91%
it
91%
I've
91%
someone
91%
I'm
89%
longer
89%
name
89%
punches
89%
thrown
89%
back
88%
I'd
88%
proud
88%
radio
88%
up
88%
young
88%
ain't
86%
bein'
86%
cops
86%
Even
86%
hangin'
86%
like
86%
phone
86%
thought
86%
were
86%
wrong
86%
as
84%
don't
84%
emergency
84%
forget
84%
lights
84%
threw
84%
Traffic
84%
when
84%
gave
82%
is
82%
it's
82%
now
82%
rang
82%
they
82%
But
81%
transmitter
81%
Honey
79%
medicine
79%
shame
79%
any
77%
callin'
77%
drownin'
77%
perspective
77%
promised
77%
love
75%
out
75%
rememberin'
75%
yourself?"
75%
about
74%
blood
74%
cell
74%
fell
74%
just
74%
"Son
74%
alcohol
72%
give
72%
have
72%
mosh
72%
pit
72%
rainin'
72%
Turn
72%
why
72%
with
72%
Am
70%
are
70%
burnouts
70%
this
70%
whatever
70%
danger
68%
doubt
68%
into
68%
man
68%
rot
68%
same
68%
sir
68%
used
68%
dance
67%
half
67%
let
67%
on
67%
slow
67%
swear
67%
takin'
67%
was
67%
another
65%
anyway
65%
faith
65%
fault
65%
kiss
65%
she'll
65%
still?
65%
time
65%
tone
65%
window
65%
change
63%
couldn't
63%
flag
63%
honest
63%
stop
63%
beg
61%
Drinks
61%
pourin'
61%
praise
61%
wait
61%
Fuck
58%
last
58%
said
56%
sober
56%
Try
56%
badge
54%
lock
54%
face
53%
head
53%
loosen
53%
cuffs
51%
cold
49%
'bout
47%
Crown
47%
Talkin'
47%
first
44%
Vic
44%
Told
42%
him
37%
then
37%
Tuck
37%
heard
32%
Well
30%
ah
28%
Mm
26%
Let's
12%

Score Distribution

Percentile by Number Answered

Percent of People with Each Score

Your Score History

You have not taken this quiz since the last reset